Majú skíni menší mozog ako ostatní ? Hnutie skinheads v Košiciach sa od posledných brutálnych útokov im pripisovaných dištancuje

Bibliographic Details
Main Author: Gilányi, Gabriel (Author)
Corporate Author: Skinheads (Author)
Format: Article
Language:Slovak
PhysicalDescription:6 obr., 1 tab.
Subjects:

MARC

LEADER 00000nab a2200000 a 4500
001 vtls000909062
003 SK-MaSNL
005 20260302172655.0
008 040720e20020405xo 0 slo
035 |a KE17992 
040 |a KEVKJB  |b slo  |c KEVKJB  |e AACR2 
041 0 |a slo 
044 |a xo  |c SK 
080 |a 061.23  |2 1981 
100 1 |a Gilányi, Gabriel  |4 aut  |9 858096 
245 1 0 |a Majú skíni menší mozog ako ostatní ?  |b Hnutie skinheads v Košiciach sa od posledných brutálnych útokov im pripisovaných dištancuje 
300 |b 6 obr., 1 tab. 
650 0 7 |a hnutie skinheads  |2 KEVKJB  |9 879059 
650 0 7 |a neonacizmus  |2 KEVKJB  |9 23030 
650 0 7 |a aktivity  |2 KEVKJB  |9 372560 
650 0 7 |a informácie  |2 KEVKJB  |9 1285 
650 0 7 |a skinhed (hnutie)  |2 KEVKJB  |9 4832 
651 7 |a Košice (Slovensko)  |2 KEVKJB  |9 18694 
651 7 |a KE,  |2 KEVKJB  |9 877256 
655 7 |a periodikum  |2 snkbucl  |9 29553 
710 2 |a Skinheads  |4 aut  |9 877482 
773 0 8 |t Košický večer  |g Roč. 13  |g Roč. 34, 5.4.2002, s. 3 
773 0 8 |i Príl.:  |t Magazín. - Roč. 7, č. 14 (2002) 
852 |a ZVYKNI  |b KIS3GCP 
999 |c 1399421  |d 1401351